000
00364nam a2200133Ia 4500
003
GCL
008
140319s9999 xx 000 0 ara d
040
_a
GCL /
_c
GCL
082
0
4
_a
250
_b
ش م
245
1
0
_a
المدخل لدراسة الفقة الاسلامى
260
_a
[S.N] :
_b
مكتبة النهضة المصرية ،
_c
1989
300
_a
375 ص
490
_a
999
_c
55691
_d
55691